000 00291nam a2200109Ia 4500
008 230907s9999||||xx |||||||||||||| ||und||
082 _a621.67
_bTUR
245 0 _aTurbopumps and pumping systems /
260 _aSpringer,
_bBerlin ; | New York :
_c2008
300 _axxv, 184 p. :
942 _cBK
999 _c598554
_d598554